000 01050nam a22002177a 4500
008 231031s2023 xxk|||||o||||o00| 0 eng d
245 _aCan private landlords refuse to let to benefit claimants and people with children?
_ba research briefing
_h[Electronic resource]
260 _aLondon,
_bHouse of Commons Library,
_c30 October 2023
490 _aResearch Briefing
520 _aA House of Commons Library briefing explains the issues behind the practices of "no DSS" and "no kids" requirements in the private rented sector and the Government's intention to make these illegal.
650 _aASSURED SHORTHOLD TENANCIES
650 _aPRIVATE RENTED SECTOR
650 _aHOUSING
650 _aLANDLORD AND TENANT
650 _aRENTERS (REFORM) BILL 2022-23
650 _aTENANTS' RIGHTS
690 _96238
_aEnvironment
710 _91448
_aParliament. House of Commons. Library
856 _uhttps://researchbriefings.files.parliament.uk/documents/SN07008/SN07008.pdf
_zAvailable online at the House of Commons Library
942 _2ddc
999 _c121689
_d121689